ბათუმის შოთა რუსთაველის სახელმწიფო უნივერსიტეტის ბიბლიოთეკა

სამედიცინო ბაზისური ფარმაკოლოგია : (ბიბ.ჩანაწერი № 63034)

000 -ლიდერი
ფიქსირებული სიგრძის საკონტროლო ველი 02401nam a22002177a 4500
003 - საკონტროლო ნომრის იდენტიფიკატორი
საკონტროლო ველი Ge_BSU
005 - ბოლო ოპერაციის თარიღი და დრო
საკონტროლო ველი 20250515121621.0
008 - ფიქსირებული სიგრძის მონაცემთა ელემენტები - ზოგადი ინფორმაცია
ფიქსირებული სიგრძის საკონტროლო ველი 250515s2018 ge ||||| |||| 00| 0 geo d
041 ## - ენის კოდი
Language code of text/sound track or separate title geo
080 ## - უნივერსალური ათობითი კლასიფიკაციის ინდექსი
Universal Decimal Classification number 615.2(075.8) თ-87
100 ## - მთავარი ჩანაწერი - პიროვნების სახელი
Personal name თურმანაული, გიორგი
9 (RLIN) 6284
245 ## - ცნობა სათაურის შესახებ
Title სამედიცინო ბაზისური ფარმაკოლოგია :
Remainder of title ძირითადი სახელმძღვანელო : (ერთ ტომად) : (მედიცინის ფაკულტეტის სტუდენტებისათვის) : შედგენილია ჯანმო-ს რეკომენდირებული, ძირითადი სამკურნალო და აუდიუვანსიური პრეპარატების საფუძველზე ახალი სასწავლო პროგრამით : სილაბუსის და საგნის სტანდარტის (ECTS-ის მოთხოვნებით) : საკრედიტო სწავლებისათვის /
Statement of responsibility, etc გიორგი (გივი) თურმანაული; რედაქტორი თეა ჩხაიძე; თბილისის სახელმწ. სამედ. უნივერსიტეტის სამედ. ფარმაკოლოგიის დეპარტამენტი (კათედრა).
250 ## - გამოცემის ცნობა
Edition statement მე-10 გადამუშავებული და ახალი მასალით შევსებული გამოცემა.
264 ## - წარმოების, გამოცემის, დისტრიბუციის და სხვა ცნობები
გამოცემის, წარმოების, დისტრიბუციის... ადგილი თბილისი,
გამოცემის, წარმოების, დისტრიბუციის... თარიღი 2018.
300 ## - ფიზიკური აღწერა
Extent 1016 გვ. :
Other physical details ილ. ;
Dimensions 28 სმ.
500 ## - ზოგადი შენიშვნა
General note წიგნი იბეჭდება ავტორის შვილის ზაზა თურმანაულის ფინანსური ხელშეწყობით.
653 ## - INDEX TERM--UNCONTROLLED
Uncontrolled term ფარმაკოლოგია
700 ## - ADDED ENTRY--PERSONAL NAME
Personal name ჩხაიძე, თეა
Relator term რედაქტორი
9 (RLIN) 25048
710 ## - ADDED ENTRY--CORPORATE NAME
Corporate name or jurisdiction name as entry element თბილისის სახელმწ. სამედ. უნივერსიტეტი. სამედ. ფარმაკოლოგიის დეპარტამენტი (კათედრა).
9 (RLIN) 25049
942 ## - ADDED ENTRY ELEMENTS (KOHA)
Source of classification or shelving scheme
Koha item type წიგნი
ეგზემპლარები
ჩამოწერის სტატუსი დაკარგული ეგზემპლარის სტატუსი კლასიფიკაციის წყარო ან თაროზე გაწყობის სქემა დაზიანების სტატუსი არ გაიცემა მუდმივი მდებარეობა (დაცვის ადგილი) ამჟამინდელი ადგილსამყოფელი თაროზე განთავსების ადგილი შეძენის თარიღი ღირებულება, შესყიდვის ნორმალური ფასი სრული შენახვის შიფრი შტრიხკოდი ბოლო ოპერაციის თარიღი ეგზემპლარის მიმდევრობითი ნომერი (კეტერი?) ფასის ძალაში შესვლის თარიღი ეგზემპლარის სახეობა საჯარო შენიშვნა
          ბათუმის შოთა რუსთაველის სახელმწიფო უნივერსიტეტის მთავარი ბიბლიოთეკა ბათუმის შოთა რუსთაველის სახელმწიფო უნივერსიტეტის მთავარი ბიბლიოთეკა წიგნსაცავი 2025-05-15 128.00 615.2(075.8) თ-87 71452 2025-05-15 71452 2025-05-15 წიგნი 128 ლ.
          ბათუმის შოთა რუსთაველის სახელმწიფო უნივერსიტეტის მთავარი ბიბლიოთეკა ბათუმის შოთა რუსთაველის სახელმწიფო უნივერსიტეტის მთავარი ბიბლიოთეკა წიგნსაცავი 2025-05-15 128.00 615.2(075.8) თ-87 71453 2025-05-15 71453 2025-05-15 წიგნი 128 ლ.
          ბათუმის შოთა რუსთაველის სახელმწიფო უნივერსიტეტის მთავარი ბიბლიოთეკა ბათუმის შოთა რუსთაველის სახელმწიფო უნივერსიტეტის მთავარი ბიბლიოთეკა წიგნსაცავი 2025-05-15 128.00 615.2(075.8) თ-87 71454 2025-05-15 71454 2025-05-15 წიგნი 128 ლ.
          ბათუმის შოთა რუსთაველის სახელმწიფო უნივერსიტეტის მთავარი ბიბლიოთეკა ბათუმის შოთა რუსთაველის სახელმწიფო უნივერსიტეტის მთავარი ბიბლიოთეკა წიგნსაცავი 2025-05-15 128.00 615.2(075.8) თ-87 71455 2025-05-15 71455 2025-05-15 წიგნი 128 ლ.
          ბათუმის შოთა რუსთაველის სახელმწიფო უნივერსიტეტის მთავარი ბიბლიოთეკა ბათუმის შოთა რუსთაველის სახელმწიფო უნივერსიტეტის მთავარი ბიბლიოთეკა წიგნსაცავი 2025-05-15 128.00 615.2(075.8) თ-87 71456 2025-05-15 71456 2025-05-15 წიგნი 128 ლ.